00280pab a2200121 454500008004000000100001600040245004000056260000900096300001300105362001100118650001400129773001500143180718b1999 xxu||||| |||| 00| 0 eng d aCraig, Paul aCompeting models of judicial review c1999 ap.428-47 aAutumn aJudiciary aPublic Law